| 000 | 00816nam a2200253 a 4500 | ||
|---|---|---|---|
| 008 | 060316s1997 ||||||||||||||||| || u | ||
| 020 | _a0521628903 | ||
| 020 | _a0521301807 | ||
| 050 | _aTA 654 Jon | ||
| 100 | _aJones, Norman | ||
| 245 | 1 | 0 | _aStructural impact |
| 246 | _aJones Norman | ||
| 260 |
_aCambridge : _bCambridge University Press _c1997 |
||
| 300 | _axvi, 575 p. : ill. | ||
| 350 | _a0.00 | ||
| 500 | _aBibliography | ||
| 650 | _aGILDERS | ||
| 650 | _aPLATES (ENGINEERING) | ||
| 650 | _aSTRUCTURAL DYNAMICS | ||
| 650 | _aSHELLS (ENGINEERING) | ||
| 650 | _aIMPACT | ||
| 856 | _uhttp://www.loc.gov/catdir/toc/cam026/97225052.html | ||
| 995 |
_D0.00 _FCBU-MAIN LIBRARY (Kitwe) _H1 _I30.00 _M1 _UAVAILABLE _ZAnnex Low-Usage Collection |
||
| 999 |
_c58684 _d58684 |
||